Larousse gran diccionario de las ciencias en color
| Main Author: | |
|---|---|
| Format: | Section = Libro |
| Language: | Undetermined Spanish |
| Published: |
Larousse
1987
|
| Subjects: |
| LEADER | 00498nam a2200181Ia 4500 | ||
|---|---|---|---|
| 008 | 240830s9999 xx 000 0 und d | ||
| 020 | |a 2-03-4501-83-7 | ||
| 040 | |a CEDOC FIQ-RUSB / Ref 030 G156 | ||
| 041 | |a spa | ||
| 082 | |a Ref 030 G156 | ||
| 100 | 1 | |a Galiana Mingot, Tomás de | |
| 245 | 1 | 0 | |a Larousse gran diccionario de las ciencias en color |
| 260 | |b Larousse |c 1987 | ||
| 300 | |a 6 vol. :il. | ||
| 650 | 7 | |a CIENCIAS - ENCICLOPEDIAS Y DICCIONARIOS | |
| 942 | |c BK |2 ddc | ||
| 991 | |a TEXTO | ||
| 999 | |c 27217 | ||